[Event "Tournoi n27465"]
[Site "www.echecsemail.com"]
[Date "2026.02.14"]
[Round "1"]
[White "Tiounet"]
[Black "Leredoutable"]
[WhiteElo "1600"]
[BlackElo "1740"]
[Result "1-0"]
1.a3 b5
2.b4 Bc8b7
3.Bc1b2 Nb8c6
4.Ng1f3 e5
5.Nf3xe5 Nc6xe5
6.Bb2xe5 d6
7.Be5b2 Ng8f6
8.Nb1c3 Bf8e7
9.Nc3xb5 c6
10.Nb5d4 O-O
11.g3 c5
12.Nd4f3 Bb7xf3
13.exf3 d5
14.Bf1g2 Ra8c8
15.bxc5 Be7xc5
16.O-O d4
17.d3 Bc5b6
18.Rf1e1 Nf6d5
19.Re1e4 Nd5c3
20.Bb2xc3 dxc3
21.f4 f5
22.Re4e5 Qd8d4
23.Qd1e1 Qd4a4
24.Qe1e2 Bb6d4
25.Bg2d5 Kh8
26.Re5e7 Bd4f6
27.Re7e3 Qa4d4
28.Bd5b3 a5
29.a4 Rc8b8
30.Qe2h5 Rf8c8
31.Ra1e1 g6
32.Qh5h6 Bf6g7
33.Qh6h4 Bg7f6
34.Qh4h6 Qd4a7
35.Re3e6 Bf6g7
36.Qh6g5 Qa7d4
37.Qg5e7 Bg7f8
38.Qe7f7 Qd4g7
39.Qf7xg7 Kxg7
40.Re6a6 Bf8b4
41.Re1e6 Rc8c7
42.d4 Rb8d8
43.d5 Rd8d7
44.d6 Rc7c5
45.Re6e7 Rd7xe7
46.dxe7 Rc5c8
47.Ra6e6 Rc8e8
48.Bb3c4 Bb4xe7
49.Bc4b5 { abandon }1-0

[Event "Tournoi échelle division 3"]
[Site "www.echecsemail.com"]
[Date "2026.02.14"]
[Round "1"]
[White "Woluwe1975"]
[Black "Nemesis"]
[WhiteElo "1680"]
[BlackElo "2290"]
[Result "0-1"]
1.e4 c5
2.Ng1f3 Nb8c6
3.c3 Ng8f6
4.e5 Nf6d5
5.d4 cxd4
6.cxd4 d6
7.Bf1e2 g6
8.Be2b5 Qd8a5
9.Nb1c3 Nd5xc3
10.Bb5xc6 bxc6
11.bxc3 Qa5xc3
12.Bc1d2 Qc3d3
13.exd6 exd6
14.Qd1e2 Qd3xe2
15.Kxe2 Bf8g7
16.Rh1e1 O-O
17.Kf1 Bc8g4
18.Bd2c3 Rf8e8
19.Nf3d2 c5
20.Re1xe8 Ra8xe8
21.f3 Bg4f5
22.Nd2b3 Bf5d3
23.Kf2 Re8e2
24.Kg1 Re2c2
25.Ra1c1 Rc2xc1
26.Nb3xc1 Bd3c4
27.Nc1b3 Bc4xb3
28.axb3 cxd4
29.Bc3b4 d5
30.Kf1 f5
31.Ke2 Kf7
32.Kd3 Ke6
33.f4 Kd7
34.g3 Kc6
35.Bb4d2 a6
36.b4 Kb5
37.h3 Bg7f8
38.Kxd4 Bf8xb4
39.Bd2c1 Kc6
40.g4 a5
41.Bc1b2 a4
42.gxf5 gxf5
43.Ke5 Kc5
44.Kxf5 a3
45.Bb2a1 d4
46.Ke4 Bb4c3
{ abandon }0-1

[Event "Coupe Niveau 4"]
[Site "www.echecsemail.com"]
[Date "2026.02.14"]
[Round "1"]
[White "Elghribi"]
[Black "Carrighir"]
[WhiteElo "1900"]
[BlackElo "2090"]
[Result "1-0"]
1.e4 c5
2.Ng1f3 d6
3.d4 cxd4
4.Nf3xd4 Ng8f6
5.Nb1c3 g6
6.Bf1e2 Bf8g7
7.O-O Nb8c6
8.Bc1e3 O-O
9.f3 a6
10.Qd1d2 Bc8d7
11.Ra1c1 Nc6xd4
12.Be3xd4 b5
13.Nc3d5 Nf6xd5
14.Bd4xg7 Kxg7
15.exd5 Ra8c8
16.Qd2d4 Kg8
17.b3 Bd7f5
18.c4 bxc4
19.Be2xc4 a5
20.Rf1e1 Rf8e8
21.Bc4b5 Bf5d7
22.Bb5c4 Rc8c5
23.Bc4d3 Qd8b6
24.Rc1xc5 dxc5
25.Qd4c4 Qb6b4
26.Re1c1 Qb4xc4
27.Bd3xc4 Kg7
28.Kf2 Kf6
29.f4 Re8c8
30.Kf3 h6
31.a4 Kg7
32.g4 Kf8
33.h4 Ke8
34.Rc1e1 Kd8
35.Re1e2 Bd7e8
36.f5 gxf5
37.gxf5 f6
38.Kf4 Rc8b8
39.Re2e6 Kc7
40.Re6a6 Be8xa4
41.bxa4 Rb8b4
42.Ra6c6 Kd7
43.Rc6xc5 Rb4xa4
44.Kg4 Kd6
45.Rc5c6 Kd7
46.Kh5 Ra4a1
47.Kxh6 a4
48.Rc6a6 a3
49.Kg6 Ra1g1
50.Kf7 Rg1g4
51.Bc4b5 Kc7
52.Kxe7 { abandon }1-0

[Event "CC Jan26"]
[Site "www.echecsemail.com"]
[Date "2026.02.14"]
[Round "1"]
[White "Eldiablo90"]
[Black "Jerem51"]
[WhiteElo "2790"]
[BlackElo "2320"]
[Result "1-0"]
1.e4 e6
2.d4 d5
3.Nb1c3 Bf8b4
4.e5 c5
5.a3 Bb4xc3
6.bxc3 Ng8e7
7.h4 O-O
8.h5 h6
9.g4 Qd8a5
10.Bc1d2 f6
11.exf6 Rf8xf6
12.g5 hxg5
13.h6 gxh6
14.Qd1h5 Kf8
15.Ng1f3 c4
16.Nf3xg5  { temps }1-0

[Event "Tournoi n27435"]
[Site "www.echecsemail.com"]
[Date "2026.02.14"]
[Round "1"]
[White "Verson"]
[Black "Legrillon"]
[WhiteElo "1810"]
[BlackElo "1750"]
[Result "1-0"]
1.d4 d5
2.Ng1f3 Ng8f6
3.e3 Bc8g4
4.Nb1d2 e6
5.c3 a6
6.Bf1d3 Bf8d6
7.O-O Nb8c6
8.Qd1c2 O-O
9.h3 Bg4xf3
10.Nd2xf3 h6
11.e4 dxe4
12.Bd3xe4 Nf6xe4
13.Qc2xe4 f5
14.Qe4xe6 Kh8
15.d5 Nc6e7
16.Rf1e1 c6
17.Nf3e5 Rf8f6
18.Ne5f7 Rf6xf7
19.Qe6xf7 cxd5
20.Bc1e3 Ne7g8
21.Be3d4 Qd8g5
22.Re1e6 Ra8f8
23.Qf7g6 Qg5xg6
24.Re6xg6 Ng8f6
25.Bd4xf6 gxf6
26.Rg6xh6 Kg7
27.Rh6h4 Kg6
28.Ra1e1 Bd6e5
29.f4 Be5d6
30.Kf2 Bd6c5
31.Kf3 Rf8f7
32.g4 fxg4
33.hxg4 Bc5e7
34.Rh4h8 b6
35.f5 Kg7
36.Re1h1 { abandon }1-0

[Event "Défi"]
[Site "www.echecsemail.com"]
[Date "2026.02.14"]
[Round "1"]
[White "Chomi64"]
[Black "Felicio"]
[WhiteElo "1890"]
[BlackElo "1920"]
[Result "0-1"]
1.d4 d5
2.Ng1f3 Ng8f6
3.Nb1d2 Bc8f5
4.e3 e6
5.Nf3e5 c6
6.g4 Bf5g6
7.h4 h5
8.Ne5xg6 fxg6
9.Bf1d3 Kf7
10.g5 Bf8e7
11.gxf6 gxf6
12.c3 f5
13.Nd2f3 Nb8d7
14.Ke2 Qd8c7
15.Qd1g1 c5
16.Nf3g5 Be7xg5
17.Qg1xg5 cxd4
18.cxd4 a6
19.b3 Nd7f6
20.f3 Ra8c8
21.Bc1b2 Qc7b8
22.Ra1g1 Rh8g8
23.Rg1c1 Rc8xc1
24.Rh1xc1 Qb8h2
25.Kd1 Nf6h7
26.Rc1c7 Qh2xc7
27.e4 Nh7xg5
28.hxg5 h4
{ abandon }0-1

[Event "Tournoi n27449"]
[Site "www.echecsemail.com"]
[Date "2026.02.14"]
[Round "1"]
[White "Geantvert"]
[Black "Odemevol"]
[WhiteElo "1850"]
[BlackElo "1960"]
[Result "1-0"]
1.c4 c5
2.Nb1c3 Nb8c6
3.g3 g6
4.Bf1g2 Bf8g7
5.e3 Ng8f6
6.Ng1e2 O-O
7.O-O a6
8.d4 cxd4
9.exd4 e6
10.b3 d5
11.cxd5 exd5
12.Ne2f4 Nf6e4
13.Nf4xd5 Bg7xd4
14.Bg2xe4 Bc8e6
15.Ra1b1 Bd4xc3
16.Nd5xc3 Qd8a5
17.Bc1b2 Rf8d8
18.Qd1f3 Nc6d4
19.Qf3e3 Ra8b8
20.Rf1d1 Nd4f5
21.Qe3g5 Qa5c7
22.Qg5f6 Qc7e7
23.Rd1xd8 Rb8xd8
24.Qf6xe7 Nf5xe7
25.Be4xb7 Rd8d6
26.Rb1d1 Rd6b6
27.Rd1d8 Kg7
28.Nc3d5 f6
29.Nd5xb6 { abandon }1-0

[Event "Tournoi n27279"]
[Site "www.echecsemail.com"]
[Date "2026.02.14"]
[Round "1"]
[White "Chessmat"]
[Black "Jlr"]
[WhiteElo "1299"]
[BlackElo "1340"]
[Result "1-0"]
1.e4 e5
2.Bf1c4 Ng8f6
3.d3 Bf8c5
4.Bc1e3 Bc5xe3
5.fxe3 d5
6.exd5 Bc8g4
7.Qd1d2 O-O
8.e4 Qd8e7
9.Ng1f3 c5
10.O-O a6
11.a3 b5
12.Bc4a2 Nb8d7
13.Qd2f2 Nf6h5
14.Nb1c3 Nh5f4
15.Nc3e2 Nf4xe2
16.Qf2xe2 Nd7f6
17.Qe2f2 Qe7d6
18.Nf3d2 g6
19.Qf2xf6 Qd6xf6
20.Rf1xf6 Kg7
21.Ra1f1 Bg4e2
22.Rf1f2 Be2g4
23.h3 Bg4h5
24.g4 Bh5xg4
25.hxg4 a5
26.g5 c4
27.dxc4 h6
28.Nd2f3 hxg5
29.Nf3xg5 b4
30.axb4 axb4
31.Ba2b3 Ra8a1
32.Kg2 Rf8h8
33.Rf6xf7 Kg8
34.Rf7f8 Kg7
35.Rf2f7 Kh6
36.Rf8xh8 Kxg5
37.d6 Ra1d1
38.d7 Rd1d2
39.Kf1 Kg4
40.c5 Rd2d1
41.Ke2 Rd1g1
42.Bb3e6 Kg3
43.Rh8h3 Kg2
44.Rf7f2 1-0

[Event "Défi"]
[Site "www.echecsemail.com"]
[Date "2026.02.14"]
[Round "1"]
[White "Petain"]
[Black "Gimick"]
[WhiteElo "1700"]
[BlackElo "1550"]
[Result "1-0"]
1.e4 e5
2.Ng1f3 Nb8c6
3.a3 d5
4.Bf1d3 Bf8c5
5.c3 d4
6.b4 Bc5b6
7.b5 Nc6a5
8.Nf3xe5 dxc3
9.dxc3 Bc8e6
10.c4 f6
11.Ne5f3 Be6xc4
12.Bd3xc4 Na5xc4
13.O-O Ng8e7
14.Qd1b3 Nc4e5
15.Nf3xe5 fxe5
16.Bc1e3 Qd8d7
17.Nb1c3 O-O-O
18.Ra1d1 Qd7e8
19.Be3xb6 cxb6
20.Qb3e6 Rd8d7
21.Qe6xe5 Ne7g6
22.Qe5xe8 Rh8xe8
23.Rd1xd7 Kxd7
24.Rf1d1 Ke6
25.Nc3d5 Re8d8
26.Nd5c7 { abandon }1-0

[Event "Défi"]
[Site "www.echecsemail.com"]
[Date "2026.02.14"]
[Round "1"]
[White "Steflam"]
[Black "Ketchuplover"]
[WhiteElo "1160"]
[BlackElo "1660"]
[Result "1-0"]
1.e4 c6
2.d4 d5
3.e5 Bc8f5
4.Nb1c3 e6
5.Ng1f3 h6
6.Bc1e3 Bf8b4
7.Bf1e2 Ng8e7
8.Qd1d2 Nb8d7
9.O-O Bf5h7
10.a3 Bb4xc3
11.Qd2xc3 O-O
12.b4 Ne7f5
13.Qc3d2 Nf5h4
14.Nf3xh4 Qd8xh4
15.f4 Bh7e4
16.g3 Qh4h3
17.Rf1f2 f5
18.Be2f1 Nd7b6
19.Bf1xh3 { abandon }1-0

[Event "Tournoi n27437"]
[Site "www.echecsemail.com"]
[Date "2026.02.14"]
[Round "1"]
[White "Teaspoon"]
[Black "Orosco"]
[WhiteElo "2000"]
[BlackElo "2220"]
[Result "1-0"]
1.c4 e5
2.Nb1c3 Nb8c6
3.Ng1f3 Ng8f6
4.g3 Bf8b4
5.Bf1g2 O-O
6.O-O d6
7.d3 h6
8.Bc1d2 Bc8g4
9.a3 Bb4xc3
10.Bd2xc3 Qd8d7
11.b4 a6
12.b5 axb5
13.cxb5 Nc6e7
14.a4 Ne7d5
15.Bc3b2 c5
16.Qd1d2 Bg4h3
17.Nf3e1 Bh3xg2
18.Ne1xg2 b6
19.e3 Qd7b7
20.e4 Nd5e7
21.f4 Nf6d7
22.f5 f6
23.Qd2c2 Rf8c8
24.Qc2c4 Kh8
25.Ng2e3 Rc8d8
26.Rf1d1 Nd7f8
27.Qc4c2 g6
28.g4 g5
29.Qc2b3 Kg7
30.Kg2 d5
31.Qb3c2 d4
32.Ne3c4 Ne7c8
33.h4 Nf8h7
34.hxg5 Nh7xg5
35.Rd1h1 Rd8h8
36.Rh1h5 Qb7c7
37.Ra1h1 Qc7a7
38.Bb2c1 Ng5f7
39.Bc1xh6 Nf7xh6
40.Qc2d2 Qa7xa4
41.Rh5xh6 Rh8xh6
42.Qd2xh6 Kf7
43.Qh6g6 { abandon }1-0

[Event "pour le plaisir  NOVEMBRE 2025"]
[Site "www.echecsemail.com"]
[Date "2026.02.14"]
[Round "1"]
[White "Rachess"]
[Black "Abelito"]
[WhiteElo "1610"]
[BlackElo "1620"]
[Result "0-1"]
1.e4 e5
2.Ng1f3 Nb8c6
3.d4 Qd8f6
4.d5 Nc6d4
5.Nb1d2 Bf8b4
6.c3 Nd4xf3
7.Nd2xf3 Bb4e7
8.Bf1c4 Qf6g6
9.Qd1e2 f5
10.Nf3xe5 Qg6xg2
11.Rh1f1 b5
12.Bc4b3 Ng8f6
13.Bc1f4 Qg2xe4
14.Qe2xe4 Nf6xe4
15.O-O-O d6
16.Ne5c6 Be7f6
17.Rf1e1 Kf7
18.f3 Ne4c5
19.Bb3c2 a6
20.Nc6d4 g6
21.b4 Nc5a4
22.Rd1d3 Na4b6
23.Bc2b3 g5
24.Bf4g3 f4
25.Bg3f2 Bc8h3
26.Nd4e6 Ra8c8
27.Ne6xc7 Rc8xc7
28.Bf2xb6 Rc7c8
29.Kd2 Bh3f5
30.Re1e6 Bf5xd3
31.Kxd3 Rc8xc3
32.Ke2 Rh8e8
33.Re6xe8 Kxe8
34.h3 Kf7
35.Bb6f2 Rc3c1
36.Bf2e1 Bf6c3
37.Be1f2 Bc3xb4
38.h4 Kg6
39.hxg5 Kxg5
40.Bb3d1 Bb4c5
41.Bf2e1 h5
42.Be1d2 Rc1a1
43.Bd1b3 h4
44.Kd3 h3
45.Ke4 Bc5e3
46.Bd2xe3 Ra1e1
47.Kd3 Re1xe3
48.Kd2 h2
 { temps }0-1

[Event "Noël 2025 n4"]
[Site "www.echecsemail.com"]
[Date "2026.02.14"]
[Round "1"]
[White "39wx"]
[Black "Woluwe1975"]
[WhiteElo "1610"]
[BlackElo "1640"]
[Result "1/2-1/2"]
1.e4 e6
2.d4 d5
3.exd5 exd5
4.Bf1d3 Bf8d6
5.Ng1f3 Ng8f6
6.O-O O-O
7.Rf1e1 Rf8e8
8.Re1xe8 Qd8xe8
9.Qd1e1 Qe8xe1
10.Nf3xe1 Bc8e6
11.Ne1f3 Nf6e4
12.Nb1d2 Ne4xd2
13.Bc1xd2 Nb8d7
14.c3 h6
15.Ra1e1 Ra8e8
16.Kf1 Nd7f6
17.Nf3e5 c6
18.f4 Nf6e4
19.Bd2e3 f5
20.Kg1 Kh7
21.Re1f1 Bd6e7
22.Rf1f3 Re8g8
23.Bd3xe4 dxe4
24.Rf3g3 Be7f6
25.Kf1 a6
26.Ke2 g5
27.fxg5 Bf6xe5
28.dxe5 h5
29.g6 Rg8xg6
30.Rg3xg6 Kxg6
31.a3 Kg7
32.Kf2 b5
33.Kg3 Kh7
34.Kh4 Kg6
35.b4 Be6c4
36.h3 Bc4f7
37.g3 Bf7e6
38.Be3f4 Be6f7
39.g4 hxg4
40.hxg4 fxg4
41.Kxg4 Bf7e6
42.Kg3 Kf5
43.Bf4e3 Kxe5
44.Kf2 Kd5
45.Be3g5 Kc4
46.Bg5f6 Kb3
47.Ke3 Kxa3
48.Kxe4 Ka4
49.Kd4 a5
50.bxa5 Kxa5
51.Kc5 Be6d5
52.Bf6e5 { nul }1/2-1/2

[Event "Défi"]
[Site "www.echecsemail.com"]
[Date "2026.02.14"]
[Round "1"]
[White "Gambitor"]
[Black "Albescab"]
[WhiteElo "1520"]
[BlackElo "1570"]
[Result "1-0"]
1.d4 d5
2.c4 c6
3.Nb1c3 e6
4.cxd5 cxd5
5.Bc1f4 Bf8b4
6.a3 Bb4a5
7.b4 Ba5b6
8.Nc3a4 Bb6c7
9.Na4c5 Bc7xf4
10.e3 Bf4g5
11.Ng1f3 Bg5e7
12.Bf1d3 Ng8f6
13.O-O Nb8c6
14.Rf1e1 O-O
15.Bd3c2 b6
16.Nc5b3 Qd8d6
17.Qd1d3 Nf6g4
18.Qd3xh7 1-0

[Event "Tournoi n27449"]
[Site "www.echecsemail.com"]
[Date "2026.02.14"]
[Round "1"]
[White "Odemevol"]
[Black "Verson"]
[WhiteElo "1960"]
[BlackElo "1830"]
[Result "1-0"]
1.d4 d5
2.c4 c6
3.Ng1f3 Ng8f6
4.g3 e6
5.Bf1g2 Bf8d6
6.Nb1d2 Nb8d7
7.O-O O-O
8.Qd1c2 e5
9.dxe5 Nd7xe5
10.b3 Bc8g4
11.Bc1b2 Rf8e8
12.Rf1e1 Qd8d7
13.Nf3xe5 Bd6xe5
14.Bb2xe5 Re8xe5
15.Nd2f3 Ra8e8
16.Nf3xe5 Qd7e6
17.Ne5xg4 Qe6xg4
18.cxd5 Nf6xd5
19.Bg2xd5 { abandon }1-0

[Event "Tournoi n27463"]
[Site "www.echecsemail.com"]
[Date "2026.02.14"]
[Round "1"]
[White "Patau"]
[Black "Mokanne"]
[WhiteElo "1660"]
[BlackElo "1450"]
[Result "1-0"]
1.e4 e5
2.Ng1f3 d6
3.d4 Bc8g4
4.dxe5 Bf8e7
5.Bf1c4 h6
6.h3 Bg4h5
7.g4 Bh5g6
8.Nb1c3 c6
9.O-O Qd8c7
10.Bc1f4 f6
11.exd6 Qc7b6
12.dxe7 Ng8xe7
13.Qd1d4 Qb6xd4
14.Nf3xd4 Bg6f7
15.Bc4xf7 Kxf7
16.Ra1d1 Nb8d7
17.Bf4d6 Rh8e8
18.Nd4f5 Ne7xf5
19.exf5 b6
20.Rf1e1 Re8xe1
21.Rd1xe1 Ra8e8
22.Re1xe8 Kxe8
23.Nc3e4 b5
24.Ne4c5 a5
25.Nc5xd7 Kxd7
26.Bd6f8 { abandon }1-0

[Event "Défi"]
[Site "www.echecsemail.com"]
[Date "2026.02.14"]
[Round "1"]
[White "Tiounet"]
[Black "Alain34"]
[WhiteElo "1620"]
[BlackElo "2110"]
[Result "0-1"]
1.a3 d5
2.b4 e6
3.Bc1b2 Ng8f6
4.g3 c5
5.bxc5 Bf8xc5
6.e3 O-O
7.Bf1g2 Nb8d7
8.Ng1e2 Nd7b6
9.O-O Bc8d7
10.d3 Ra8c8
11.Nb1d2 Qd8e7
12.Nd2b3 Bc5d6
13.Nb3d4 e5
14.Nd4b3 Rc8c7
15.Nb3d2 Rf8c8
16.Nd2b3 Rc7xc2
17.Ra1b1 Nb6a4
18.Bb2c1 Bd6xa3
19.Bc1xa3 Qe7xa3
20.Ne2c1 Qa3b4
21.d4 e4
22.Rf1e1 Bd7g4
23.Nb3c5 Qb4xb1
24.f3 Rc2xg2
25.Kxg2 Bg4xf3
{ abandon }0-1

[Event "1002"]
[Site "www.echecsemail.com"]
[Date "2026.02.14"]
[Round "1"]
[White "Katastrofic"]
[Black "Turbo"]
[WhiteElo "1470"]
[BlackElo "1360"]
[Result "1-0"]
1.e4 e5
2.Bf1c4 Ng8f6
3.d3 Bf8c5
4.h3 O-O
5.Ng1f3 d6
6.a3 a6
7.b4 Bc5a7
8.Bc1b2 c6
9.O-O b5
10.Bc4a2 h6
11.c4 Nb8d7
12.cxb5 cxb5
13.Nb1c3 Ba7b8
14.Nc3d5 Bc8b7
15.Nd5xf6 Nd7xf6
16.Rf1e1 d5
17.exd5 Nf6xd5
18.Ba2xd5 Bb7xd5
19.Nf3xe5 Qd8d6
20.d4 f6
21.Ne5f3 Bd5xf3
22.Qd1xf3 Qd6h2
23.Kf1 Qh2h1
24.Ke2 Rf8e8
25.Kd2 Re8xe1
26.Ra1xe1 Bb8f4
27.Qf3xf4 Qh1xg2
28.Re1e2 Ra8c8
29.Qf4g4 Qg2c6
30.Qg4e6 Qc6xe6
31.Re2xe6 Kf7
32.Re6xa6 Kg6
33.Ra6b6 Rc8e8
34.Rb6xb5 Re8e4
35.d5 Re4h4
36.d6 { abandon }1-0

[Event "1002"]
[Site "www.echecsemail.com"]
[Date "2026.02.14"]
[Round "1"]
[White "Turbo"]
[Black "Katastrofic"]
[WhiteElo "1360"]
[BlackElo "1470"]
[Result "1-0"]
1.e4 e5
2.Ng1f3 d6
3.c3 Bf8e7
4.Bf1c4 Ng8f6
5.O-O a6
6.a4 Bc8d7
7.Bc4xf7 Kxf7
8.d3 Rh8f8
9.Bc1g5 h6
10.Bg5xf6 Be7xf6
11.g3 Kg8
12.b4 b6
13.Nb1d2 Bd7h3
14.Rf1e1 c5
15.bxc5 bxc5
16.Kh1 Bf6g5
17.Nf3g1 Qd8d7
18.Ng1xh3 Bg5xd2
19.Qd1xd2 Qd7xh3
20.Re1e3 Qh3d7
21.c4 Nb8c6
22.Qd2e2 Nc6d4
23.Qe2h5 Rf8xf2
24.Kg1 Ra8f8
25.Re3e1 Nd4f3
26.Kxf2 Nf3xe1
27.Kxe1 Qd7f7
28.Qh5e2 a5
29.Kd2 Rf8b8
30.Kc3 g5
31.Ra1f1 Qf7b7
32.Kd2 Qb7b4
33.Ke3 Qb4xa4
34.Qe2h5 { abandon }1-0

[Event "Tournoi n27445"]
[Site "www.echecsemail.com"]
[Date "2026.02.14"]
[Round "1"]
[White "Gognol"]
[Black "Verson"]
[WhiteElo "1880"]
[BlackElo "1800"]
[Result "1-0"]
1.e4 e6
2.d4 d5
3.e5 c5
4.b3 Nb8c6
5.c3 cxd4
6.cxd4 Qd8b6
7.Ng1f3 Bc8d7
8.Bc1e3 Bf8b4
9.Nb1d2 Ng8e7
10.Bf1d3 O-O
11.O-O Ne7f5
12.Qd1b1 h6
13.Qb1b2 Nf5xe3
14.fxe3 Ra8c8
15.a3 Bb4e7
16.b4 a6
17.Rf1b1 Nc6a7
18.Nd2b3 Rc8c7
19.Qb2d2 Rf8c8
20.Nb3c5 Bd7b5
21.Bd3c2 Bb5c4
22.a4 Rc7c6
23.a5 Qb6c7
24.Nc5a4 Bc4b5
25.Na4c5 Be7xc5
26.bxc5 Qc7e7
27.Kh1 Rc8f8
28.Qd2c3 Rc6c7
29.Rb1b2 Na7c6
30.Ra1b1 f5
31.Qc3e1 Nc6xa5
32.Qe1xa5 g5
33.Qa5e1 Rf8f7
34.Qe1g3 Rf7g7
35.h3 g4
36.hxg4 Rg7xg4
37.Qg3h3 Qe7g7
38.Bc2b3 Kh7
39.Bb3d1 Bb5d3
40.Rb1a1 Rc7c8
41.Nf3h2 Rg4g3
42.Qh3h4 Bd3e4
43.Ra1a2 Rc8g8
44.Nh2g4 Be4xg2
45.Rb2xg2 Rg3xg2
46.Ra2xg2 fxg4
47.Rg2xg4 Qg7f7
48.Bd1c2 { abandon }1-0

[Event "Eq:modesty-Avalon :"]
[Site "www.echecsemail.com"]
[Date "2026.02.14"]
[Round "1"]
[White "Breitenbach"]
[Black "Noos"]
[WhiteElo "2250"]
[BlackElo "1630"]
[Result "1-0"]
1.e4 e5
2.Ng1f3 Nb8c6
3.Bf1b5 Bf8d6
4.O-O Ng8f6
5.Rf1e1 O-O
6.c3 a6
7.Bb5xc6 dxc6
8.d4 Bc8g4
9.Nb1d2 Bg4xf3
10.Nd2xf3 Nf6d7
11.dxe5 Bd6c5
12.b4 Bc5e7
13.Qd1b3 b5
14.e6 fxe6
15.Qb3xe6 Kh8
16.Re1d1 Be7d6
17.e5 Rf8e8
18.Qe6f5 Re8f8
19.Qf5e4 Qd8e7
20.Nf3g5 g6
21.exd6 Qe7xe4
22.Ng5xe4 cxd6
23.Rd1xd6 Ra8c8
24.Rd6xd7 Rf8d8
25.Rd7xd8 Rc8xd8
26.Bc1e3 Kg7
27.Kf1 Rd8e8
28.Be3d4 Kh6
29.a4 Re8xe4
30.axb5 axb5
31.Ra1e1 Re4f4
32.Bd4e3 Kg5
33.g3 h5
34.Be3xf4 Kg4
35.Re1e5 Kf3
36.h3 c5
37.Re5e3 1-0

[Event "Défi"]
[Site "www.echecsemail.com"]
[Date "2026.02.14"]
[Round "1"]
[White "Superman"]
[Black "Verson"]
[WhiteElo "1760"]
[BlackElo "1870"]
[Result "1/2-1/2"]
1.e4 e6
2.Ng1f3 d5
3.e5 c5
4.Bf1b5 Nb8c6
5.O-O Bc8d7
6.Rf1e1 Ng8e7
7.c3 Ne7g6
8.d4 Bf8e7
9.Nb1d2 O-O
10.h3 a6
11.Bb5a4 b5
12.Ba4c2 Ra8c8
13.Nd2f1 Qd8b6
14.Nf1g3 cxd4
15.cxd4 Rc8c7
16.b3 Rf8c8
17.Bc2xg6 hxg6
18.Bc1e3 Nc6b4
19.Nf3g5 Nb4c2
20.Qd1d2 Nc2xe3
21.Qd2xe3 Rc7c3
22.Qe3f4 Be7xg5
23.Qf4xg5 Qb6d8
24.Qg5xd8 Rc8xd8
25.Ra1c1 Rd8c8
26.Rc1xc3 Rc8xc3
27.Ng3e2 Rc3c2
28.a3 a5
29.Kf1 Bd7c8
30.b4 a4
31.Re1c1 Rc2xc1
32.Ne2xc1 f6
33.f4 Kf7
34.Nc1d3 Bc8d7
35.Nd3c5 Bd7c8
36.Kf2 g5
37.Kf3 gxf4
38.Kxf4 g5
39.Kf3 f5
40.g3 Ke7
41.h4 gxh4
42.gxh4 Kf7
43.Kf4 Kg6
44.Nc5d3 Kh5
45.Kg3 Bc8d7
46.Nd3f4 Kh6
47.Nf4h3 Kh5
48.Nh3f4 { nul }1/2-1/2

[Event "Défi"]
[Site "www.echecsemail.com"]
[Date "2026.02.14"]
[Round "1"]
[White "Castor"]
[Black "Titit1"]
[WhiteElo "1360"]
[BlackElo "1450"]
[Result "0-1"]
1.d4 d5
2.c4 Ng8f6
3.Nb1c3 c6
4.f3 Bc8f5
5.g4 Bf5e6
6.Ng1h3 Nb8d7
7.e4 dxe4
8.fxe4 Be6xg4
9.Qd1d3 Qd8c7
10.Nh3f2 e6
11.Nf2xg4 Nf6xg4
12.Qd3h3 h5
13.Bf1e2 Bf8b4
14.O-O O-O-O
15.Rf1xf7 Rd8f8
16.Rf7f3 Rf8xf3
17.Be2xf3 Qc7d8
18.Qh3g2 Ng4f6
19.e5 Nf6e8
20.Bc1g5 Qd8a5
21.Bg5d2 Rh8g8
22.a3 Bb4e7
23.Bf3xh5 Qa5c7
24.a4 Nd7b6
25.Nc3e4 Nb6xc4
26.Bd2c1 Qc7a5
27.Bc1f4 Ne8c7
28.b3 Nc4b6
29.Bf4d2 Qa5d5
30.Bh5f3 Qd5xd4
31.Kf1 Nb6d5
32.Qg2e2 Qd4xa1
33.Kf2 Kd7
34.Bf3g4 Qa1xe5
35.Kg1 Nc7a6
36.Qe2g2 Qe5a1
37.Kf2 Qa1b2
38.Qg2h3 Nd5f4
39.Qh3e3 Nf4d5
40.Qe3xa7 Kc7
41.Kg3 Qb2e5
42.Kf3 Qe5xh2
43.Bg4xe6 Rg8f8
44.Kg4 Qh2g2
45.Ne4g3 Qg2xd2
46.Ng3f5 Qd2f4
47.Kh5 Qf4g5
0-1

[Event "Memorial Lara CIV"]
[Site "www.echecsemail.com"]
[Date "2026.02.14"]
[Round "1"]
[White "Rvsinovitch"]
[Black "Alain64"]
[WhiteElo "2060"]
[BlackElo "2090"]
[Result "1-0"]
1.e4 e6
2.d4 d5
3.Nb1d2 Ng8f6
4.e5 Nf6d7
5.Bf1d3 c5
6.c3 Nb8c6
7.Ng1e2 cxd4
8.cxd4 Bf8b4
9.a3 Bb4xd2
10.Bc1xd2 f6
11.exf6 Qd8xf6
12.Bd2c3 O-O
13.O-O a6
14.Qd1c2 h6
15.Ra1e1 Qf6h4
16.Bd3h7 Kh8
17.Bh7g6 e5
18.dxe5 Nd7xe5
19.f3 Qh4g5
20.Bg6h7 Bc8h3
21.Ne2g3 d4
22.Bc3d2 Qg5h4
23.f4 Bh3xg2
24.Kxg2 Ne5g4
25.Rf1h1 Ra8e8
26.Bh7f5 Re8xe1
27.Rh1xe1 d3
28.Qc2xd3 Qh4xh2
29.Kf3 h5
30.Bf5xg4 hxg4
31.Kxg4 Rf8d8
32.Qd3xd8 Nc6xd8
33.Re1h1 Qh2xh1
34.Ng3xh1 Kg8
35.Nh1g3 Kf7
36.Ng3f5 g6
37.Nf5d6 Ke6
38.Nd6c4 Kf6
39.Bd2c3 Kf7
40.Bc3a5 Nd8e6
41.Nc4d6 { abandon }1-0

[Event "Coupe Niveau 4"]
[Site "www.echecsemail.com"]
[Date "2026.02.14"]
[Round "1"]
[White "Alain64"]
[Black "Verson"]
[WhiteElo "2060"]
[BlackElo "1830"]
[Result "1-0"]
1.c4 c5
2.Nb1c3 Ng8f6
3.Ng1f3 Nb8c6
4.g3 e6
5.Bf1g2 Bf8e7
6.O-O O-O
7.e3 d5
8.cxd5 exd5
9.d4 Bc8g4
10.h3 Bg4h5
11.a3 Bh5g6
12.dxc5 Be7xc5
13.b4 Bc5b6
14.Bc1b2 a6
15.Nf3h4 Ra8c8
16.Nh4xg6 hxg6
17.Ra1c1 Rf8e8
18.Nc3a4 Bb6a7
19.Na4c5 Qd8e7
20.Qd1b3 Ba7xc5
21.Rc1xc5 Nc6e5
22.Rc5xc8 Re8xc8
23.Bg2xd5 Nf6xd5
24.Qb3xd5 Rc8e8
25.Bb2xe5 Qe7xe5
26.Qd5xe5 Re8xe5
27.Rf1c1 Re5e8
28.Rc1c7 Re8b8
29.Kf1 Kf8
30.Ke2 b6
31.e4 f6
32.f4 a5
33.b5 Kg8
34.Ke3 Kf8
35.g4 Kg8
36.a4 Kh7
37.Rc7c6 Kg8
38.Kd4 Rb8b7
39.Kd5 Kf7
40.Kd6 g5
41.f5 Rb7e7
42.Rc6c7 { abandon }1-0

[Event "Coupe Niveau 2"]
[Site "www.echecsemail.com"]
[Date "2026.02.14"]
[Round "1"]
[White "Katastrofic"]
[Black "Nbelnico"]
[WhiteElo "1500"]
[BlackElo "1650"]
[Result "0-1"]
1.e4 e5
2.Bf1c4 h6
3.d3 c6
4.a3 Bf8c5
5.Ng1f3 d6
6.O-O Ng8f6
7.b4 Bc5b6
8.Nb1c3 O-O
9.a4 a6
10.Bc1b2 Nb8d7
11.b5 axb5
12.axb5 Ra8xa1
{ abandon }0-1

[Event "Défi( 10J+24H/c 10J Max )"]
[Site "www.echecsemail.com"]
[Date "2026.02.14"]
[Round "1"]
[White "Sylvia13"]
[Black "Sam"]
[WhiteElo "1600"]
[BlackElo "1660"]
[Result "0-1"]
1.e4 e5
2.Ng1f3 Nb8c6
3.d4 exd4
4.Nf3xd4 Qd8f6
5.Nd4b3 Bf8b4
6.c3 Bb4d6
7.Bf1d3 Ng8e7
8.O-O O-O
9.Bc1e3 b6
10.Nb1d2 Bc8b7
11.Nb3d4 Nc6xd4
12.Be3xd4 Qf6h4
13.Nd2f3 Qh4h5
14.Qd1e1 c5
15.Bd4e3 Ne7g6
16.h3 Rf8e8
17.Be3d2 Re8e6
18.Nf3g5 Re6e5
19.f4 Re5e7
20.Bd2e3 Ra8e8
21.Qe1g3 h6
22.Ng5xf7 Re7xf7
23.Bd3c4 Re8xe4
24.Bc4xf7 Kxf7
25.Ra1d1 Ke7
26.b3 Bd6b8
27.c4 Qh5f5
28.a4 Qf5f6
29.Qg3g4 Qf6e6
30.Qg4g3 Re4xe3
31.Qg3f2 Re3e2
32.Qf2g3 Re2xg2
33.Qg3xg2 Bb7xg2
34.Kxg2 Ng6xf4
35.Kg1 Qe6g6
36.Kf2 Qg6g2
37.Ke3 Qg2e2
0-1

[Event "Défi"]
[Site "www.echecsemail.com"]
[Date "2026.02.14"]
[Round "1"]
[White "Kiki38"]
[Black "Castor"]
[WhiteElo "1490"]
[BlackElo "1380"]
[Result "1-0"]
1.d4 Ng8f6
2.Ng1f3 d5
3.e3 Nb8c6
4.Bf1d3 Nc6b4
5.Bd3e2 Qd8d6
6.O-O g6
7.a3 Nb4c6
8.Nb1c3 Bc8f5
9.Bc1d2 a6
10.b4 O-O-O
11.b5 Nc6b8
12.bxa6 bxa6
13.Nf3e5 h5
14.Ne5xf7 Qd6d7
15.Nf7xd8 Qd7xd8
16.Nc3a4 Qd8d6
17.c3 Qd6d8
18.Na4c5 Nf6e4
19.Qd1b3 Qd8d6
20.Qb3b7 Kd8
21.Qb7xb8 Bf5c8
22.Nc5b7 Kd7
23.Nb7xd6 Ne4xd6
24.Qb8b3 e6
25.Qb3a4 Kd8
26.Be2xa6 Bc8d7
27.Qa4b3 Bf8h6
28.Qb3b8 Nd6c8
29.Ra1b1 Bh6g7
30.Qb8a8 Ke7
31.Ba6b7 Nc8d6
32.Qa8a6 Nd6e4
33.Qa6d3 g5
34.f3 Ne4d6
35.Qd3g6 Rh8g8
36.Qg6xg5 Kf8
37.Qg5d8 Bd7e8
38.Bb7c6 Kf7
39.Qd8xc7 Kg6
40.Qc7xd6 Kh7
41.Qd6xe6 Be8g6
42.Qe6xd5 Bg6xb1
43.Rf1xb1 Kh6
44.e4 Kh7
45.Qd5xh5 { abandon }1-0

[Event "OAHU 2"]
[Site "www.echecsemail.com"]
[Date "2026.02.14"]
[Round "1"]
[White "Pgo"]
[Black "Yab414"]
[WhiteElo "1700"]
[BlackElo "1640"]
[Result "0-1"]
1.e4 e5
2.Ng1f3 Nb8c6
3.Bf1b5 d6
4.d3 Bc8d7
5.O-O a6
6.Bb5a4 Nc6d4
7.Ba4xd7 Qd8xd7
8.Nb1c3 Nd4xf3
9.Qd1xf3 Ng8f6
10.Bc1g5 Bf8e7
11.Rf1e1 O-O
12.h3 Nf6e8
13.Bg5xe7 Qd7xe7
14.Nc3d5 Qe7d7
15.c4 b6
16.Qf3g3 f6
17.b4 b5
18.c5 dxc5
19.bxc5 Kh8
20.Ra1c1 Ra8b8
21.c6 Qd7e6
22.f4 Rf8f7
23.f5 Qe6d6
24.h4 h6
25.Qg3g6 Rf7f8
26.h5 Kg8
27.Re1e2 Rf8f7
28.Re2e3 Qd6a3
29.Rc1c2 Qa3a4
30.Rc2e2 Qa4d1
31.Kf2 b4
32.Re2e1 Qd1d2
33.Re1e2 Qd2d1
34.Qg6g3 Qd1h1
35.Qg3h3 Qh1xh3
36.Re3xh3 b3
37.axb3 Rb8xb3
38.Re2d2 Kh7
39.g4 Ne8d6
40.Rh3h1 a5
41.Rh1a1 Rb3b5
42.Rd2c2 Nd6c8
43.Rc2a2 Nc8b6
44.Ra2xa5 Rb5b2
45.Kf3 Rb2b3
46.Ke2 Rb3b2
47.Ke3 Rb2b3
48.Ra5a7 Nb6c4
49.Ke2 Rb3b2
50.Ke1 Rb2h2
51.Ra1a3 Rh2h1
52.Ke2 Rh1h2
53.Kf3 Nc4xa3
54.Ra7xa3 Rh2h1
55.Nd5e3 Rh1c1
56.Ne3c4 Rc1f1
57.Kg2 Rf1d1
58.Kf2 Rf7f8
59.Ke2 Rd1h1
60.Nc4e3 Rf8b8
61.Ra3a7 Rb8b2
62.Kf3 Rh1h3
0-1